|
|
|
|
| LEADER |
00000cam a2200000 4500 |
| 001 |
vtls012240825 |
| 003 |
SK-MaSNL |
| 005 |
20260301130106.0 |
| 008 |
231004s2023 xo dl frn 001 0 slo |
| 015 |
|
|
|a SNBA2023/10
|
| 020 |
|
|
|a 9788080549879
|q (brožované)
|
| 040 |
|
|
|a SNK
|b slo
|c SNK
|e rda
|
| 041 |
0 |
|
|a slo
|b eng
|
| 044 |
|
|
|a xo
|c SK
|
| 072 |
|
7 |
|a 004
|x Počítačová veda. Výpočtová technika. Informačné technológie
|2 konspekt
|
| 072 |
|
7 |
|a 351
|x Úlohy verejnej správy, správne opatrenia. Legislatíva
|2 konspekt
|
| 080 |
|
|
|a 621.39
|2 2011
|
| 080 |
|
|
|a 004
|2 2011
|
| 080 |
|
|
|a (048.8)
|2 2011
|
| 080 |
|
|
|a 004.056
|2 2011
|
| 080 |
|
|
|a 621.39+004.7
|2 2011
|
| 080 |
|
|
|a 343.3/.7:004
|2 2011
|
| 080 |
|
|
|a 351.78:614.8
|2 2011
|
| 080 |
|
|
|a 351.74
|2 2011
|
| 080 |
|
|
|a 001.891
|2 2011
|
| 100 |
1 |
|
|a Holubiczky, Vincent,
|d 1989-
|4 aut
|9 217319
|
| 245 |
1 |
0 |
|a Bezpečnosť telekomunikačných a informačných technológií
|b vedecká monografia
|c Vincent Holubiczky
|
| 250 |
|
|
|a 1. vydanie
|
| 264 |
|
1 |
|a Bratislava
|b Akadémia Policajného zboru v Bratislave
|c 2023
|
| 300 |
|
|
|a 143, ii strán
|b grafy, tabuľky
|c 25 cm
|
| 336 |
|
|
|a text
|b txt
|2 rdacontent
|
| 337 |
|
|
|a bez média
|b n
|2 rdamedia
|
| 338 |
|
|
|a zväzok
|b nc
|2 rdacarrier
|
| 366 |
|
|
|e 100 kusov
|
| 500 |
|
|
|a Poznámky. Zoznam obrázkov, grafov, tabuliek
|
| 504 |
|
|
|a Bibliografia na strane 132-141. Bibliografické odkazy. Vecný register
|
| 546 |
|
|
|a Anglické resumé
|
| 650 |
0 |
7 |
|a telekomunikačná technika
|2 SNKPH
|9 78896
|
| 650 |
0 |
7 |
|a Telecommunication technology
|2 SNKPHeng
|9 171804
|
| 650 |
0 |
7 |
|a Information technology
|2 SNKPHeng
|9 266458
|
| 650 |
0 |
7 |
|a informačné technológie
|2 SNKPH
|9 1527
|
| 650 |
0 |
7 |
|a informačná bezpečnosť
|2 SNKPH
|9 72884
|
| 650 |
0 |
7 |
|a Information security
|2 SNKPHeng
|9 303264
|
| 650 |
0 |
7 |
|a komunikačné technológie
|2 SNKPH
|9 1529
|
| 650 |
0 |
7 |
|a Communication technology
|2 SNKPHeng
|9 267940
|
| 650 |
0 |
7 |
|a počítačová kriminalita
|2 SNKPH
|9 76061
|
| 650 |
0 |
7 |
|a Computer crimes
|2 SNKPHeng
|9 316683
|
| 650 |
0 |
7 |
|a osobná bezpečnosť
|2 SNKPH
|9 4159
|
| 650 |
0 |
7 |
|a Personal safety
|2 SNKPHeng
|9 275534
|
| 650 |
0 |
7 |
|a polícia
|2 SNKPH
|9 1673
|
| 650 |
0 |
7 |
|a Police
|2 SNKPHeng
|9 275350
|
| 650 |
0 |
7 |
|a vedecký výskum
|2 SNKPH
|9 4237
|
| 650 |
0 |
7 |
|a Scientific research
|2 SNKPHeng
|9 266482
|
| 655 |
|
7 |
|a monografie
|2 SNKPH
|9 70139
|
| 655 |
|
7 |
|a Monographs
|2 SNKPHeng
|9 120675
|
| 710 |
2 |
|
|a Akadémia Policajného zboru v Bratislave.
|b Katedra európskeho integrovaného riadenia hraníc
|4 pbl
|9 219217
|
| 852 |
|
|
|a Slovenská národná knižnica
|
| 919 |
|
|
|a 978-80-8054-987-9
|
| 954 |
|
|
|a odborná, vedecká literatúra pôvodná (slovenská)
|2 lita
|
| 958 |
|
|
|a NB
|
| 999 |
|
|
|c 744402
|d 746332
|
| 952 |
|
|
|a SNK
|b SNK
|y PREZ
|7 0
|p 17A1479037
|o snkSC 203744
|i snk2023/14289
|8 0
|0 0
|1 0
|4 0
|d 2023-10-04
|l 0
|r 2025-10-27 00:00:00
|w 2026-02-23
|
| 952 |
|
|
|a SNK
|b SNK
|y VYP
|7 0
|p 17A1479038
|o snkSC 203744 D1
|i snk2023/14290
|8 0
|0 0
|1 0
|4 0
|d 2023-10-04
|l 0
|r 2026-02-23 23:11:56
|w 2026-02-23
|